000 00875nam a22002057a 4500
005 20240530110627.0
008 170105s2015 ua f 000 0 ara d
040 _aEG-CaGPL
_cEG-CaGPL
082 0 4 _221
_a307.772\
_bم د
100 0 _aمحمد عبده محجوب
245 1 0 _aدراسات انثروبولوجية فى المجتمعات القبلية العربية /
_cمحمد عبده محجوب
260 _aالاسكندرية :
_bدار المعرفة الجامعية ،
_c2015.
300 _a332 ص. ؛
_c24 سم.
650 0 7 _2qrmak
_aالمجتمعات القبلية
_xتاريخ
650 0 7 _2qrmak
_aالمجتمعات القبلية
_xالعادات و التقاليد
650 0 7 _2qrmak
_aالمجتمعات القبلية
_xالاحوال الاقتصادية
651 _2qrmak
942 _2ddc
_cBK
999 _c63167
_d63167